Countries with the most coastline - Statistics

General Stats
  • This quiz has been taken 25 times
  • The average score is 9 of 10
Answer Stats
Answer % Correct
Australia
100%
Canada
100%
Russia
100%
Indonesia
96%
USA
96%
China
92%
Japan
83%
Norway
83%
New Zealand
58%
Phillippines
42%
No matching quizzes found
Score Distribution
Percent of People with Each Score
Percentile by Number Answered
Your Score History
You have not taken this quiz